000 00430nam a2200181Ia 4500
001 7815
005 20260306160523.0
008 260306t2006||||xx |||||||||||||| ||spa||
041 _aESP
082 _a362.293
_bO81
100 _aOsso, Laura
_eAUT
245 0 _aGuía metodológica para la intervención en consumo de drogas
260 _c2006
300 _a
_c
650 _aGEN
654 _aCPS
942 _cLIB
_dJUS
_fJUS
_2ddc
_n
999 _c7815
_d7815